|
|
|
|
| LEADER |
01215nam a22003017a 4500 |
| 001 |
38537 |
| 003 |
BD-DhAAL |
| 008 |
220428t2001 ii ||||| |||| 001 0 ben d |
| 999 |
|
|
|c 44153
|d 44153
|
| 020 |
|
|
|a 9788177561050
|
| 020 |
|
|
|a 8177561057
|
| 040 |
|
|
|a BD-DhAAL
|c BD-DhAAL
|
| 041 |
|
|
|a ben
|
| 082 |
|
|
|a 891.444
|
| 100 |
|
|
|a রায়, শিবনারায়ন
|9 47120
|
| 245 |
|
|
|a প্রবন্ধ সংগ্রহ /
|c শিবনারায়ন রায়
|
| 246 |
|
|
|a Prabandha saṃgraha
|
| 260 |
|
|
|a কলকাতা :
|b আনন্দ,
|c ২০০১.
|
| 300 |
|
|
|a ২৪৫ পৃষ্ঠা ;
|c ২২ সে.মি.
|
| 362 |
|
|
|a Vol. 2
|
| 500 |
|
|
|a নির্ঘণ্ট অন্তর্ভুক্ত।
|
| 541 |
|
|
|a Donated By Akbar Ali Khan
|e 38537
|
| 650 |
|
|
|a Bengali essays.
|9 47121
|
| 650 |
|
|
|a Bengali literature
|y 20th century
|z History and criticism.
|9 48307
|
| 650 |
|
|
|a Bengali literature.
|9 48308
|
| 852 |
|
|
|a Ayesha Abed Library
|c Akbar Ali Khan Collection
|
| 942 |
|
|
|2 ddc
|c BK
|
| 952 |
|
|
|0 0
|1 0
|2 ddc
|4 0
|6 891_444000000000000_RAY
|7 1
|9 70580
|a BRACUL
|b BRACUL
|c AAKC
|d 2022-04-28
|e Donated by Akbar Ali Khan
|l 0
|o 891.444 RAY
|p 3010038537
|r 2022-04-28
|t 1
|w 2022-04-28
|y BK
|